<?xml version="1.0" encoding="UTF-8"?>
<collection xmlns="http://www.loc.gov/MARC21/slim">
 <record>
  <leader>11326cam a2201609 c 4500</leader>
  <controlfield tag="001">32108537X</controlfield>
  <controlfield tag="003">DE-627</controlfield>
  <controlfield tag="005">20260421123639.0</controlfield>
  <controlfield tag="007">tu</controlfield>
  <controlfield tag="008">001026s2000    gw ||||| c    00| ||ger c</controlfield>
  <datafield tag="015" ind1=" " ind2=" ">
   <subfield code="a">00,N45,0556</subfield>
   <subfield code="2">dnb</subfield>
  </datafield>
  <datafield tag="015" ind1=" " ind2=" ">
   <subfield code="a">01,A07,1372</subfield>
   <subfield code="2">dnb</subfield>
  </datafield>
  <datafield tag="016" ind1="7" ind2=" ">
   <subfield code="a">959955046</subfield>
   <subfield code="2">DE-101</subfield>
  </datafield>
  <datafield tag="020" ind1=" " ind2=" ">
   <subfield code="a">3777488909</subfield>
   <subfield code="q">Gewebe : DM 65.00, ca. sfr 89.00, ca. S 715.00</subfield>
   <subfield code="9">3-7774-8890-9</subfield>
  </datafield>
  <datafield tag="035" ind1=" " ind2=" ">
   <subfield code="a">(DE-627)32108537X</subfield>
  </datafield>
  <datafield tag="035" ind1=" " ind2=" ">
   <subfield code="a">(DE-603)09413068X</subfield>
  </datafield>
  <datafield tag="035" ind1=" " ind2=" ">
   <subfield code="a">(DE-576)088215830</subfield>
  </datafield>
  <datafield tag="035" ind1=" " ind2=" ">
   <subfield code="a">(DE-599)DNB959955046</subfield>
  </datafield>
  <datafield tag="035" ind1=" " ind2=" ">
   <subfield code="a">(OCoLC)1532714925</subfield>
  </datafield>
  <datafield tag="035" ind1=" " ind2=" ">
   <subfield code="a">(OCoLC)313591973</subfield>
  </datafield>
  <datafield tag="035" ind1=" " ind2=" ">
   <subfield code="a">(OCoLC)237379733</subfield>
  </datafield>
  <datafield tag="035" ind1=" " ind2=" ">
   <subfield code="a">(DE-604)BV013411432</subfield>
  </datafield>
  <datafield tag="040" ind1=" " ind2=" ">
   <subfield code="a">DE-627</subfield>
   <subfield code="b">ger</subfield>
   <subfield code="c">DE-627</subfield>
   <subfield code="e">rakwb</subfield>
  </datafield>
  <datafield tag="041" ind1=" " ind2=" ">
   <subfield code="a">ger</subfield>
  </datafield>
  <datafield tag="044" ind1=" " ind2=" ">
   <subfield code="c">XA-DE</subfield>
   <subfield code="c">XA-NL</subfield>
   <subfield code="c">XA-BE</subfield>
  </datafield>
  <datafield tag="082" ind1="0" ind2=" ">
   <subfield code="a">760.04436</subfield>
   <subfield code="2">DDCoclc</subfield>
  </datafield>
  <datafield tag="084" ind1=" " ind2=" ">
   <subfield code="a">46</subfield>
   <subfield code="2">sdnb</subfield>
  </datafield>
  <datafield tag="084" ind1=" " ind2=" ">
   <subfield code="a">46</subfield>
   <subfield code="a">44</subfield>
   <subfield code="2">sdnb</subfield>
  </datafield>
  <datafield tag="084" ind1=" " ind2=" ">
   <subfield code="a">9,10</subfield>
   <subfield code="2">ssgn</subfield>
  </datafield>
  <datafield tag="084" ind1=" " ind2=" ">
   <subfield code="a">LH 84956</subfield>
   <subfield code="q">BVB</subfield>
   <subfield code="2">rvk</subfield>
   <subfield code="0">(DE-625)rvk/95348:</subfield>
  </datafield>
  <datafield tag="084" ind1=" " ind2=" ">
   <subfield code="a">LI 19499</subfield>
   <subfield code="q">BVB</subfield>
   <subfield code="2">rvk</subfield>
   <subfield code="0">(DE-625)rvk/95675:</subfield>
  </datafield>
  <datafield tag="084" ind1=" " ind2=" ">
   <subfield code="a">LR 57840</subfield>
   <subfield code="2">rvk</subfield>
   <subfield code="0">(DE-625)rvk/109891:13528</subfield>
  </datafield>
  <datafield tag="084" ind1=" " ind2=" ">
   <subfield code="a">LO 34300</subfield>
   <subfield code="2">rvk</subfield>
   <subfield code="0">(DE-625)rvk/103087:</subfield>
  </datafield>
  <datafield tag="084" ind1=" " ind2=" ">
   <subfield code="a">ZH 9610</subfield>
   <subfield code="2">rvk</subfield>
   <subfield code="0">(DE-625)rvk/156324:</subfield>
  </datafield>
  <datafield tag="084" ind1=" " ind2=" ">
   <subfield code="a">LH 67783</subfield>
   <subfield code="q">BVB</subfield>
   <subfield code="2">rvk</subfield>
   <subfield code="0">(DE-625)rvk/94690:157</subfield>
  </datafield>
  <datafield tag="084" ind1=" " ind2=" ">
   <subfield code="a">LI 75910</subfield>
   <subfield code="2">rvk</subfield>
   <subfield code="0">(DE-625)rvk/96992:13288</subfield>
  </datafield>
  <datafield tag="084" ind1=" " ind2=" ">
   <subfield code="a">WL 1070</subfield>
   <subfield code="2">rvk</subfield>
   <subfield code="0">(DE-625)rvk/149332:</subfield>
  </datafield>
  <datafield tag="084" ind1=" " ind2=" ">
   <subfield code="a">LH 49910</subfield>
   <subfield code="2">rvk</subfield>
   <subfield code="0">(DE-625)rvk/93766:</subfield>
  </datafield>
  <datafield tag="084" ind1=" " ind2=" ">
   <subfield code="a">20.24</subfield>
   <subfield code="2">bkl</subfield>
  </datafield>
  <datafield tag="084" ind1=" " ind2=" ">
   <subfield code="a">20.70</subfield>
   <subfield code="2">bkl</subfield>
  </datafield>
  <datafield tag="084" ind1=" " ind2=" ">
   <subfield code="a">21.74</subfield>
   <subfield code="2">bkl</subfield>
  </datafield>
  <datafield tag="245" ind1="0" ind2="0">
   <subfield code="a">Gärten und Höfe der Rubenszeit im Spiegel der Malerfamilie Brueghel und der Künstler um Peter Paul Rubens</subfield>
   <subfield code="b">[Katalog anläßlich der Ausstellung &quot;Gärten und Höfe der Rubenszeit im Spiegel der Malerfamilie Brueghel und der Künstler um Peter Paul Rubens&quot;, Gustav-Lübcke-Museum, Hamm, 15. Oktober 2000 - 14. Januar 2001, Landesmuseum, Mainz, 4. März 2001 - 24. Juni 2001]</subfield>
   <subfield code="c">hrsg. von Ursula Härting. Unter Mitarb. von Thomas Fusenig, Petra Mecklenbraucl, Ellen Schwinzer</subfield>
  </datafield>
  <datafield tag="263" ind1=" " ind2=" ">
   <subfield code="a">Gewebe : ca. DM 98.00, ca. sfr 89.00, ca. S 715.00</subfield>
  </datafield>
  <datafield tag="264" ind1=" " ind2="1">
   <subfield code="a">München</subfield>
   <subfield code="b">Hirmer</subfield>
   <subfield code="c">2000</subfield>
  </datafield>
  <datafield tag="300" ind1=" " ind2=" ">
   <subfield code="a">XVIII, 466 Seiten</subfield>
   <subfield code="b">Illustrationen, Karten</subfield>
   <subfield code="c">28 cm</subfield>
  </datafield>
  <datafield tag="336" ind1=" " ind2=" ">
   <subfield code="a">Text</subfield>
   <subfield code="b">txt</subfield>
   <subfield code="2">rdacontent</subfield>
  </datafield>
  <datafield tag="336" ind1=" " ind2=" ">
   <subfield code="a">unbewegtes Bild</subfield>
   <subfield code="b">sti</subfield>
   <subfield code="2">rdacontent</subfield>
  </datafield>
  <datafield tag="337" ind1=" " ind2=" ">
   <subfield code="a">ohne Hilfsmittel zu benutzen</subfield>
   <subfield code="b">n</subfield>
   <subfield code="2">rdamedia</subfield>
  </datafield>
  <datafield tag="338" ind1=" " ind2=" ">
   <subfield code="a">Band</subfield>
   <subfield code="b">nc</subfield>
   <subfield code="2">rdacarrier</subfield>
  </datafield>
  <datafield tag="500" ind1=" " ind2=" ">
   <subfield code="a">Literaturverz. S. 457 - 458</subfield>
  </datafield>
  <datafield tag="510" ind1="3" ind2=" ">
   <subfield code="a">Härting, ed., Gärten und Höfe, 2000</subfield>
  </datafield>
  <datafield tag="520" ind1=" " ind2=" ">
   <subfield code="a">Flämische Stadtflucht führte im 16. Jahrhundert aus den großen Städten wie Brüssel und Antwerpen ins nahe Umland. Wohlhabende Bürger kauften oder pachteten Höfe und wandelten sie zu &quot;lusthoven&quot; oder &quot;huizen van playsantie&quot; um. Die Brüder Brueghel, David Teniers, Adriaen van Utrecht und nicht zuletzt Peter Paul Rubens malten Gärten als Kulisse für ihre biblischen oder mythologischen Themen. Neben solchen Sujets werden in diesem Buch Ansichten ehemals existenter Gartenanlagen und auch die idealen Vorstellungen der Künstler von Gärten oder Höfen gezeigt. Prächtige Abbildungen und Aufsätze namhafter Autoren präsentieren Gemälde, Zeichnungen, Skulpturen, Grottenfragmente, Tapisserien und eine transportable Sonnenuhr</subfield>
  </datafield>
  <datafield tag="583" ind1="1" ind2=" ">
   <subfield code="a">Archivierung/Langzeitarchivierung gewährleistet</subfield>
   <subfield code="f">SSG</subfield>
   <subfield code="x">XA-DE-BW</subfield>
   <subfield code="2">pdager</subfield>
   <subfield code="5">DE-16</subfield>
  </datafield>
  <datafield tag="583" ind1="1" ind2=" ">
   <subfield code="a">Archivierung/Langzeitarchivierung gewährleistet</subfield>
   <subfield code="f">PERP</subfield>
   <subfield code="2">pdager</subfield>
   <subfield code="5">DE-36</subfield>
  </datafield>
  <datafield tag="600" ind1="0" ind2="7">
   <subfield code="0">(DE-588)119152606</subfield>
   <subfield code="0">(DE-627)079948081</subfield>
   <subfield code="0">(DE-576)211418196</subfield>
   <subfield code="a">Bruegel</subfield>
   <subfield code="c">Familie</subfield>
   <subfield code="2">gnd</subfield>
  </datafield>
  <datafield tag="600" ind1="1" ind2="7">
   <subfield code="0">(DE-588)11860354X</subfield>
   <subfield code="0">(DE-627)133816001</subfield>
   <subfield code="0">(DE-576)162806760</subfield>
   <subfield code="a">Rubens, Peter Paul</subfield>
   <subfield code="d">1577-1640</subfield>
   <subfield code="2">gnd</subfield>
  </datafield>
  <datafield tag="600" ind1="1" ind2="4">
   <subfield code="a">Bruegel &lt;Familie&gt;</subfield>
   <subfield code="x">Gartenkunst Motiv</subfield>
   <subfield code="x">Ausstellung</subfield>
   <subfield code="x">Hamm Westfalen, 2000</subfield>
  </datafield>
  <datafield tag="648" ind1=" " ind2="7">
   <subfield code="a">Geschichte 1550-1650</subfield>
   <subfield code="2">gnd</subfield>
  </datafield>
  <datafield tag="650" ind1=" " ind2="0">
   <subfield code="a">Gardens in art</subfield>
  </datafield>
  <datafield tag="650" ind1="0" ind2="7">
   <subfield code="0">(DE-588)4229576-2</subfield>
   <subfield code="0">(DE-627)104947152</subfield>
   <subfield code="0">(DE-576)210340282</subfield>
   <subfield code="a">Gartenkunst</subfield>
   <subfield code="g">Motiv</subfield>
   <subfield code="2">gnd</subfield>
  </datafield>
  <datafield tag="650" ind1="0" ind2="7">
   <subfield code="0">(DE-588)4211127-4</subfield>
   <subfield code="0">(DE-627)105090891</subfield>
   <subfield code="0">(DE-576)210201886</subfield>
   <subfield code="a">Umkreis</subfield>
   <subfield code="2">gnd</subfield>
  </datafield>
  <datafield tag="650" ind1="0" ind2="7">
   <subfield code="0">(DE-588)4125179-9</subfield>
   <subfield code="0">(DE-627)104642653</subfield>
   <subfield code="0">(DE-576)209574410</subfield>
   <subfield code="a">Gartenkunst</subfield>
   <subfield code="2">gnd</subfield>
  </datafield>
  <datafield tag="650" ind1="0" ind2="7">
   <subfield code="0">(DE-588)4004541-9</subfield>
   <subfield code="0">(DE-627)106385380</subfield>
   <subfield code="0">(DE-576)208856447</subfield>
   <subfield code="a">Barock</subfield>
   <subfield code="2">gnd</subfield>
  </datafield>
  <datafield tag="650" ind1="0" ind2="7">
   <subfield code="0">(DE-588)4019286-6</subfield>
   <subfield code="0">(DE-627)10458971X</subfield>
   <subfield code="0">(DE-576)20892888X</subfield>
   <subfield code="a">Garten</subfield>
   <subfield code="2">gnd</subfield>
  </datafield>
  <datafield tag="651" ind1=" " ind2="7">
   <subfield code="0">(DE-588)4071249-7</subfield>
   <subfield code="0">(DE-627)104493704</subfield>
   <subfield code="0">(DE-576)209183160</subfield>
   <subfield code="a">Flandern</subfield>
   <subfield code="2">gnd</subfield>
  </datafield>
  <datafield tag="655" ind1=" " ind2="7">
   <subfield code="a">Ausstellungskatalog</subfield>
   <subfield code="y">2000</subfield>
   <subfield code="z">Hamm, Westfalen</subfield>
   <subfield code="0">(DE-588)4135467-9</subfield>
   <subfield code="0">(DE-627)10566491X</subfield>
   <subfield code="0">(DE-576)209660988</subfield>
   <subfield code="2">gnd-content</subfield>
  </datafield>
  <datafield tag="655" ind1=" " ind2="7">
   <subfield code="a">Ausstellungskatalog</subfield>
   <subfield code="x">Städtisches Gustav-Lübcke-Museum</subfield>
   <subfield code="y">15.10.2000-14.01.2001</subfield>
   <subfield code="0">(DE-588)4135467-9</subfield>
   <subfield code="0">(DE-627)10566491X</subfield>
   <subfield code="0">(DE-576)209660988</subfield>
   <subfield code="2">gnd-content</subfield>
  </datafield>
  <datafield tag="655" ind1=" " ind2="7">
   <subfield code="a">Ausstellungskatalog</subfield>
   <subfield code="x">Mittelrheinisches Landesmuseum</subfield>
   <subfield code="y">04.03.2001-24.06.2001</subfield>
   <subfield code="0">(DE-588)4135467-9</subfield>
   <subfield code="0">(DE-627)10566491X</subfield>
   <subfield code="0">(DE-576)209660988</subfield>
   <subfield code="2">gnd-content</subfield>
  </datafield>
  <datafield tag="655" ind1=" " ind2="7">
   <subfield code="a">Aufsatzsammlung</subfield>
   <subfield code="0">(DE-588)4143413-4</subfield>
   <subfield code="0">(DE-627)105605727</subfield>
   <subfield code="0">(DE-576)209726091</subfield>
   <subfield code="2">gnd-content</subfield>
  </datafield>
  <datafield tag="655" ind1=" " ind2="7">
   <subfield code="a">Ausstellungskatalog</subfield>
   <subfield code="0">(DE-588)4135467-9</subfield>
   <subfield code="0">(DE-627)10566491X</subfield>
   <subfield code="0">(DE-576)209660988</subfield>
   <subfield code="2">gnd-content</subfield>
  </datafield>
  <datafield tag="689" ind1="0" ind2="0">
   <subfield code="d">p</subfield>
   <subfield code="0">(DE-588)119152606</subfield>
   <subfield code="0">(DE-627)079948081</subfield>
   <subfield code="0">(DE-576)211418196</subfield>
   <subfield code="a">Bruegel</subfield>
   <subfield code="c">Familie</subfield>
   <subfield code="2">gnd</subfield>
  </datafield>
  <datafield tag="689" ind1="0" ind2="1">
   <subfield code="d">s</subfield>
   <subfield code="0">(DE-588)4229576-2</subfield>
   <subfield code="0">(DE-627)104947152</subfield>
   <subfield code="0">(DE-576)210340282</subfield>
   <subfield code="a">Gartenkunst</subfield>
   <subfield code="g">Motiv</subfield>
   <subfield code="2">gnd</subfield>
  </datafield>
  <datafield tag="689" ind1="0" ind2=" ">
   <subfield code="5">DE-101</subfield>
  </datafield>
  <datafield tag="689" ind1="1" ind2="0">
   <subfield code="d">p</subfield>
   <subfield code="0">(DE-588)11860354X</subfield>
   <subfield code="0">(DE-627)133816001</subfield>
   <subfield code="0">(DE-576)162806760</subfield>
   <subfield code="a">Rubens, Peter Paul</subfield>
   <subfield code="d">1577-1640</subfield>
   <subfield code="2">gnd</subfield>
  </datafield>
  <datafield tag="689" ind1="1" ind2="1">
   <subfield code="d">s</subfield>
   <subfield code="0">(DE-588)4211127-4</subfield>
   <subfield code="0">(DE-627)105090891</subfield>
   <subfield code="0">(DE-576)210201886</subfield>
   <subfield code="a">Umkreis</subfield>
   <subfield code="2">gnd</subfield>
  </datafield>
  <datafield tag="689" ind1="1" ind2="2">
   <subfield code="d">s</subfield>
   <subfield code="0">(DE-588)4229576-2</subfield>
   <subfield code="0">(DE-627)104947152</subfield>
   <subfield code="0">(DE-576)210340282</subfield>
   <subfield code="a">Gartenkunst</subfield>
   <subfield code="g">Motiv</subfield>
   <subfield code="2">gnd</subfield>
  </datafield>
  <datafield tag="689" ind1="1" ind2=" ">
   <subfield code="5">DE-101</subfield>
  </datafield>
  <datafield tag="689" ind1="2" ind2="0">
   <subfield code="d">g</subfield>
   <subfield code="0">(DE-588)4071249-7</subfield>
   <subfield code="0">(DE-627)104493704</subfield>
   <subfield code="0">(DE-576)209183160</subfield>
   <subfield code="a">Flandern</subfield>
   <subfield code="2">gnd</subfield>
  </datafield>
  <datafield tag="689" ind1="2" ind2="1">
   <subfield code="d">s</subfield>
   <subfield code="0">(DE-588)4125179-9</subfield>
   <subfield code="0">(DE-627)104642653</subfield>
   <subfield code="0">(DE-576)209574410</subfield>
   <subfield code="a">Gartenkunst</subfield>
   <subfield code="2">gnd</subfield>
  </datafield>
  <datafield tag="689" ind1="2" ind2="2">
   <subfield code="a">z</subfield>
   <subfield code="2">gnd</subfield>
   <subfield code="a">Geschichte 1550-1650</subfield>
  </datafield>
  <datafield tag="689" ind1="2" ind2=" ">
   <subfield code="5">DE-101</subfield>
  </datafield>
  <datafield tag="689" ind1="3" ind2="0">
   <subfield code="d">p</subfield>
   <subfield code="0">(DE-588)11860354X</subfield>
   <subfield code="0">(DE-627)133816001</subfield>
   <subfield code="0">(DE-576)162806760</subfield>
   <subfield code="a">Rubens, Peter Paul</subfield>
   <subfield code="d">1577-1640</subfield>
   <subfield code="2">gnd</subfield>
  </datafield>
  <datafield tag="689" ind1="3" ind2="1">
   <subfield code="d">s</subfield>
   <subfield code="0">(DE-588)4211127-4</subfield>
   <subfield code="0">(DE-627)105090891</subfield>
   <subfield code="0">(DE-576)210201886</subfield>
   <subfield code="a">Umkreis</subfield>
   <subfield code="2">gnd</subfield>
  </datafield>
  <datafield tag="689" ind1="3" ind2="2">
   <subfield code="d">s</subfield>
   <subfield code="0">(DE-588)4037220-0</subfield>
   <subfield code="0">(DE-627)10623871X</subfield>
   <subfield code="0">(DE-576)209022892</subfield>
   <subfield code="a">Malerei</subfield>
   <subfield code="2">gnd</subfield>
  </datafield>
  <datafield tag="689" ind1="3" ind2="3">
   <subfield code="d">s</subfield>
   <subfield code="0">(DE-588)4121310-5</subfield>
   <subfield code="0">(DE-627)105770388</subfield>
   <subfield code="0">(DE-576)209542225</subfield>
   <subfield code="a">Garten</subfield>
   <subfield code="g">Motiv</subfield>
   <subfield code="2">gnd</subfield>
  </datafield>
  <datafield tag="689" ind1="3" ind2=" ">
   <subfield code="5">(DE-627)</subfield>
  </datafield>
  <datafield tag="689" ind1="4" ind2="0">
   <subfield code="d">p</subfield>
   <subfield code="0">(DE-588)119152606</subfield>
   <subfield code="0">(DE-627)079948081</subfield>
   <subfield code="0">(DE-576)211418196</subfield>
   <subfield code="a">Bruegel</subfield>
   <subfield code="c">Familie</subfield>
   <subfield code="2">gnd</subfield>
  </datafield>
  <datafield tag="689" ind1="4" ind2="1">
   <subfield code="d">s</subfield>
   <subfield code="0">(DE-588)4037220-0</subfield>
   <subfield code="0">(DE-627)10623871X</subfield>
   <subfield code="0">(DE-576)209022892</subfield>
   <subfield code="a">Malerei</subfield>
   <subfield code="2">gnd</subfield>
  </datafield>
  <datafield tag="689" ind1="4" ind2="2">
   <subfield code="d">s</subfield>
   <subfield code="0">(DE-588)4121310-5</subfield>
   <subfield code="0">(DE-627)105770388</subfield>
   <subfield code="0">(DE-576)209542225</subfield>
   <subfield code="a">Garten</subfield>
   <subfield code="g">Motiv</subfield>
   <subfield code="2">gnd</subfield>
  </datafield>
  <datafield tag="689" ind1="4" ind2=" ">
   <subfield code="5">(DE-627)</subfield>
  </datafield>
  <datafield tag="700" ind1="1" ind2=" ">
   <subfield code="a">Härting, Ursula</subfield>
   <subfield code="d">1954-</subfield>
   <subfield code="e">Hrsg.</subfield>
   <subfield code="0">(DE-588)137039182</subfield>
   <subfield code="0">(DE-627)589463535</subfield>
   <subfield code="0">(DE-576)166068497</subfield>
   <subfield code="4">edt</subfield>
  </datafield>
  <datafield tag="700" ind1="1" ind2=" ">
   <subfield code="a">Fusenig, Thomas</subfield>
   <subfield code="d">1963-</subfield>
   <subfield code="0">(DE-588)173162444</subfield>
   <subfield code="0">(DE-627)674198549</subfield>
   <subfield code="0">(DE-576)177947861</subfield>
   <subfield code="4">oth</subfield>
  </datafield>
  <datafield tag="700" ind1="1" ind2=" ">
   <subfield code="a">Bruegel, Pieter</subfield>
   <subfield code="c">de Oudere</subfield>
   <subfield code="d">1525-1569</subfield>
   <subfield code="e">Ill.</subfield>
   <subfield code="0">(DE-588)118674013</subfield>
   <subfield code="0">(DE-627)079457657</subfield>
   <subfield code="0">(DE-576)160451736</subfield>
   <subfield code="4">ill</subfield>
  </datafield>
  <datafield tag="710" ind1="2" ind2=" ">
   <subfield code="a">Städtisches Gustav-Lübcke-Museum</subfield>
   <subfield code="0">(DE-588)2022843-0</subfield>
   <subfield code="0">(DE-627)102111545</subfield>
   <subfield code="0">(DE-576)191757144</subfield>
   <subfield code="4">oth</subfield>
  </datafield>
  <datafield tag="711" ind1="2" ind2=" ">
   <subfield code="a">Ausstellung Gärten und Höfe der Rubenszeit im Spiegel der Malerfamilie Brueghel und der Künstler um Peter Paul Rubens</subfield>
   <subfield code="d">2000 - 2001</subfield>
   <subfield code="c">Hamm (Westf); Mainz</subfield>
   <subfield code="0">(DE-588)10010066-1</subfield>
   <subfield code="0">(DE-627)320332292</subfield>
   <subfield code="0">(DE-576)198214170</subfield>
   <subfield code="4">oth</subfield>
  </datafield>
  <datafield tag="787" ind1="0" ind2="8">
   <subfield code="i">Rezensiert in</subfield>
   <subfield code="a">Lauterbach, Iris</subfield>
   <subfield code="t">[Rezension von: Ursula Härting (Hrsg.), Gärten und Höfe der Rubenszeit im Spiegel der Malerfamilie Breughel und der Künstler um Peter Paul Rubens]</subfield>
   <subfield code="d">2003</subfield>
   <subfield code="w">(DE-627)1920618910</subfield>
  </datafield>
  <datafield tag="856" ind1="4" ind2="2">
   <subfield code="u">http://d-nb.info/959955046/04</subfield>
   <subfield code="m">B:DE-101</subfield>
   <subfield code="q">pdf/application</subfield>
   <subfield code="v">20161127003401</subfield>
   <subfield code="x">Verlag</subfield>
   <subfield code="3">Inhaltsverzeichnis</subfield>
   <subfield code="7">1</subfield>
  </datafield>
  <datafield tag="856" ind1="4" ind2="2">
   <subfield code="u">https://swbplus.bsz-bw.de/bsz088215830rez.htm</subfield>
   <subfield code="m">B:DE-576;DE-16</subfield>
   <subfield code="q">application/pdf</subfield>
   <subfield code="v">20081106095236</subfield>
   <subfield code="x">Verlag</subfield>
   <subfield code="3">Rezension</subfield>
   <subfield code="7">1</subfield>
  </datafield>
  <datafield tag="856" ind1="4" ind2="2">
   <subfield code="u">http://www.sehepunkte.de/2003/02/3439.html</subfield>
   <subfield code="m">V:DE-576;X:Sehepunkte</subfield>
   <subfield code="q">text/html</subfield>
   <subfield code="v">20180424113608</subfield>
   <subfield code="3">Rezension</subfield>
   <subfield code="7">1</subfield>
  </datafield>
  <datafield tag="856" ind1="4" ind2="2">
   <subfield code="u">https://scans.hebis.de/HEBCGI/show.pl?09413068_rez.pdf</subfield>
   <subfield code="m">V:DE-576;B:DE-16</subfield>
   <subfield code="q">application/pdf</subfield>
   <subfield code="3">Rezension</subfield>
   <subfield code="7">1</subfield>
  </datafield>
  <datafield tag="856" ind1="4" ind2="2">
   <subfield code="u">https://scans.hebis.de/HEBCGI/show.pl?09413068_toc.pdf</subfield>
   <subfield code="m">V:DE-604</subfield>
   <subfield code="q">application/pdf</subfield>
   <subfield code="3">Inhaltsverzeichnis</subfield>
   <subfield code="7">1</subfield>
  </datafield>
  <datafield tag="935" ind1=" " ind2=" ">
   <subfield code="e">Härting, ed., Gärten und Höfe, 2000</subfield>
   <subfield code="f">b</subfield>
  </datafield>
  <datafield tag="935" ind1=" " ind2=" ">
   <subfield code="i">Blocktest</subfield>
  </datafield>
  <datafield tag="936" ind1="r" ind2="v">
   <subfield code="a">LH 84956</subfield>
   <subfield code="b">Natur(ereignisse), Ökologie</subfield>
   <subfield code="k">Kunstgeschichte</subfield>
   <subfield code="k">Allgemeines. Allgemeine Kunstgeschichte</subfield>
   <subfield code="k">Kunstgeschichte einzelner Gattungen der Kunst</subfield>
   <subfield code="k">Ikonographie, Ikonologie</subfield>
   <subfield code="k">Weltliche Ikonographie</subfield>
   <subfield code="k">Natur(ereignisse), Ökologie</subfield>
   <subfield code="0">(DE-627)1271126354</subfield>
   <subfield code="0">(DE-625)rvk/95348:</subfield>
   <subfield code="0">(DE-576)201126354</subfield>
  </datafield>
  <datafield tag="936" ind1="r" ind2="v">
   <subfield code="a">LI 19499</subfield>
   <subfield code="b">Bruegel (Familie)</subfield>
   <subfield code="k">Kunstgeschichte</subfield>
   <subfield code="k">Künstler-Monografien</subfield>
   <subfield code="k">Alphabetische Künstlerliste</subfield>
   <subfield code="k">Künstler B</subfield>
   <subfield code="k">Bruegel (Familie)</subfield>
   <subfield code="0">(DE-627)1271128918</subfield>
   <subfield code="0">(DE-625)rvk/95675:</subfield>
   <subfield code="0">(DE-576)201128918</subfield>
  </datafield>
  <datafield tag="936" ind1="r" ind2="v">
   <subfield code="a">LR 57840</subfield>
   <subfield code="b">allgemein</subfield>
   <subfield code="k">Musikwissenschaft</subfield>
   <subfield code="k">I. Musica theoretica</subfield>
   <subfield code="k">Sachteil: Musica theoretica (einschl. Realien mit geographischem Bezug)</subfield>
   <subfield code="k">Grenzgebiete, Nachbargebiete, Hilfswissenschaften</subfield>
   <subfield code="k">allgemein</subfield>
   <subfield code="0">(DE-627)1441220437</subfield>
   <subfield code="0">(DE-625)rvk/109891:13528</subfield>
   <subfield code="0">(DE-576)371220432</subfield>
  </datafield>
  <datafield tag="936" ind1="r" ind2="v">
   <subfield code="a">LO 34300</subfield>
   <subfield code="b">Landschaft</subfield>
   <subfield code="k">Kunstgeschichte</subfield>
   <subfield code="k">Kunst nach Ländern bzw. Kontinenten</subfield>
   <subfield code="k">Holland, Belgien, Luxemburg (im folgenden als Niederlande bezeichnet)</subfield>
   <subfield code="k">Niederländische Kunstgeschichte nach Gattungen</subfield>
   <subfield code="k">Malerei</subfield>
   <subfield code="k">Gegenstände (Darstellungen nichtikonographischen Charakters)</subfield>
   <subfield code="k">Landschaft</subfield>
   <subfield code="0">(DE-627)1270700367</subfield>
   <subfield code="0">(DE-625)rvk/103087:</subfield>
   <subfield code="0">(DE-576)200700367</subfield>
  </datafield>
  <datafield tag="936" ind1="r" ind2="v">
   <subfield code="a">ZH 9610</subfield>
   <subfield code="b">Geschichte der Landschaftsplanung</subfield>
   <subfield code="k">Technik</subfield>
   <subfield code="k">Architektur</subfield>
   <subfield code="k">Landschaftsarchitektur/Landschaftsplanung</subfield>
   <subfield code="k">Geschichte der Landschaftsplanung</subfield>
   <subfield code="0">(DE-627)1270893939</subfield>
   <subfield code="0">(DE-625)rvk/156324:</subfield>
   <subfield code="0">(DE-576)200893939</subfield>
  </datafield>
  <datafield tag="936" ind1="r" ind2="v">
   <subfield code="a">LH 67783</subfield>
   <subfield code="b">Neuzeit (-1800)</subfield>
   <subfield code="k">Kunstgeschichte</subfield>
   <subfield code="k">Allgemeines. Allgemeine Kunstgeschichte</subfield>
   <subfield code="k">Kunstgeschichte einzelner Gattungen der Kunst</subfield>
   <subfield code="k">Architektur</subfield>
   <subfield code="k">Ordnung nach Aufgaben</subfield>
   <subfield code="k">Gartenarchitektur, Landschaftsgarten</subfield>
   <subfield code="k">Neuzeit (-1800)</subfield>
   <subfield code="0">(DE-627)1271588536</subfield>
   <subfield code="0">(DE-625)rvk/94690:157</subfield>
   <subfield code="0">(DE-576)201588536</subfield>
  </datafield>
  <datafield tag="936" ind1="r" ind2="v">
   <subfield code="a">LI 75910</subfield>
   <subfield code="b">Beziehungen zu anderen Personen, Nachwirken von Persönlichkeit und Werk</subfield>
   <subfield code="k">Kunstgeschichte</subfield>
   <subfield code="k">Künstler-Monografien</subfield>
   <subfield code="k">Alphabetische Künstlerliste</subfield>
   <subfield code="k">Künstler R</subfield>
   <subfield code="k">Rubens, Peter Paul (bis 75910)</subfield>
   <subfield code="k">Beziehungen zu anderen Personen, Nachwirken von Persönlichkeit und Werk</subfield>
   <subfield code="0">(DE-627)1271589737</subfield>
   <subfield code="0">(DE-625)rvk/96992:13288</subfield>
   <subfield code="0">(DE-576)201589737</subfield>
  </datafield>
  <datafield tag="936" ind1="r" ind2="v">
   <subfield code="a">WL 1070</subfield>
   <subfield code="b">Werke des 17. Jahrhunderts</subfield>
   <subfield code="k">Biologie</subfield>
   <subfield code="k">Spezielle Botanik (Systematik)</subfield>
   <subfield code="k">Spezielle Botanik vor Linné</subfield>
   <subfield code="k">Werke des 17. Jahrhunderts</subfield>
   <subfield code="0">(DE-627)1271896893</subfield>
   <subfield code="0">(DE-625)rvk/149332:</subfield>
   <subfield code="0">(DE-576)201896893</subfield>
  </datafield>
  <datafield tag="936" ind1="r" ind2="v">
   <subfield code="a">LH 49910</subfield>
   <subfield code="b">Sonstige</subfield>
   <subfield code="k">Kunstgeschichte</subfield>
   <subfield code="k">Allgemeines. Allgemeine Kunstgeschichte</subfield>
   <subfield code="k">Ausstellungswesen, Ausstellungskataloge</subfield>
   <subfield code="k">Ausstellungskataloge</subfield>
   <subfield code="k">Sonstige</subfield>
   <subfield code="0">(DE-627)1270880209</subfield>
   <subfield code="0">(DE-625)rvk/93766:</subfield>
   <subfield code="0">(DE-576)200880209</subfield>
  </datafield>
  <datafield tag="936" ind1="b" ind2="k">
   <subfield code="a">20.24</subfield>
   <subfield code="j">Gesellschaft</subfield>
   <subfield code="j">Kultur</subfield>
   <subfield code="x">Ikonographie</subfield>
   <subfield code="0">(DE-627)106423622</subfield>
  </datafield>
  <datafield tag="936" ind1="b" ind2="k">
   <subfield code="a">20.70</subfield>
   <subfield code="j">Europäische Kunst: Allgemeines</subfield>
   <subfield code="0">(DE-627)106406566</subfield>
  </datafield>
  <datafield tag="936" ind1="b" ind2="k">
   <subfield code="a">21.74</subfield>
   <subfield code="j">Landschaftsgestaltung</subfield>
   <subfield code="j">Gartenkunst</subfield>
   <subfield code="0">(DE-627)106417894</subfield>
  </datafield>
  <datafield tag="936" ind1="s" ind2="n">
   <subfield code="a">l300</subfield>
   <subfield code="2">mzub</subfield>
  </datafield>
  <datafield tag="936" ind1="s" ind2="n">
   <subfield code="a">w100</subfield>
   <subfield code="2">mzub</subfield>
  </datafield>
  <datafield tag="936" ind1="s" ind2="n">
   <subfield code="a">a500</subfield>
   <subfield code="2">mzub</subfield>
  </datafield>
  <datafield tag="936" ind1="s" ind2="n">
   <subfield code="a">z210</subfield>
   <subfield code="2">mzub</subfield>
  </datafield>
  <datafield tag="951" ind1=" " ind2=" ">
   <subfield code="a">BO</subfield>
  </datafield>
  <datafield tag="990" ind1=" " ind2=" ">
   <subfield code="a">Bruegel &lt;Familie&gt; </subfield>
  </datafield>
  <datafield tag="990" ind1=" " ind2=" ">
   <subfield code="a">Gartenkunst</subfield>
  </datafield>
  <datafield tag="990" ind1=" " ind2=" ">
   <subfield code="a">Rubens, Peter Paul</subfield>
  </datafield>
  <datafield tag="990" ind1=" " ind2=" ">
   <subfield code="a">Umkreis</subfield>
  </datafield>
  <datafield tag="990" ind1=" " ind2=" ">
   <subfield code="a">Gartenkunst</subfield>
  </datafield>
  <datafield tag="990" ind1=" " ind2=" ">
   <subfield code="a">Flandern</subfield>
  </datafield>
  <datafield tag="990" ind1=" " ind2=" ">
   <subfield code="a">Gartenkunst</subfield>
  </datafield>
  <datafield tag="990" ind1=" " ind2=" ">
   <subfield code="a">Geschichte 1550-1650</subfield>
  </datafield>
  <datafield tag="990" ind1=" " ind2=" ">
   <subfield code="a">Rubens, Peter Paul</subfield>
  </datafield>
  <datafield tag="990" ind1=" " ind2=" ">
   <subfield code="a">Umkreis</subfield>
  </datafield>
  <datafield tag="990" ind1=" " ind2=" ">
   <subfield code="a">Malerei</subfield>
  </datafield>
  <datafield tag="990" ind1=" " ind2=" ">
   <subfield code="a">Garten</subfield>
  </datafield>
  <datafield tag="990" ind1=" " ind2=" ">
   <subfield code="a">Bruegel &lt;Familie&gt; </subfield>
  </datafield>
  <datafield tag="990" ind1=" " ind2=" ">
   <subfield code="a">Malerei</subfield>
  </datafield>
  <datafield tag="990" ind1=" " ind2=" ">
   <subfield code="a">Garten</subfield>
  </datafield>
  <datafield tag="991" ind1=" " ind2=" ">
   <subfield code="a">Rezensiertes Werk</subfield>
  </datafield>
  <datafield tag="999" ind1=" " ind2=" ">
   <subfield code="a">KXP-PPN32108537X</subfield>
   <subfield code="e">4955655831</subfield>
  </datafield>
 </record>
</collection>
